Diary of a hedgehog Biggs' final words on the markets

Saved in:
Bibliographic Details
Main Author: Biggs, Barton 1932-2012
Other Authors: 1940- 1950-, 1950- 1963-
Format: Book
Language:English
Published: Hoboken, N.J. Wiley 2012
Subjects:
Tags: Add Tag
No Tags, Be the first to tag this record!
Institutions: Mạng thư viện Đại học Đà Nẵng
LEADER 01114nam a2200349 4500
001 000023965
003 20418
005 20160525150508.0
008 160525s2012 engsd
020 |a 9781118299999 (cloth) 
041 0 |a eng 
082 0 0 |a 332.64524  |b BI-B 
100 1 |a Biggs, Barton  |d 1932-2012 
245 1 0 |a Diary of a hedgehog  |b Biggs' final words on the markets  |c Barton Biggs 
260 |a Hoboken, N.J.  |b Wiley  |c 2012 
300 |a xviii, 213 p.  |b ill.  |c 24 cm. 
520 |c Provided by publisher. 
650 0 |a Hedge funds 
653 |a Finance 
653 |a Tài chính 
700 1 |d 1940-  |d 1950- 
700 1 |d 1950-  |d 1963- 
OWN |a LSP 
AVA |a UDN50  |b LSP  |d 332.64524 BI-B  |e available  |t Error 5001 Not defined in file expand_doc_bib_avail.  |f 1  |g 0  |h N  |i 0  |k 1 
999 |a From the UDN01 
AVA |a UDN50  |b LSP  |d 332.64524 BI-B  |e available  |t Error 5001 Not defined in file expand_doc_bib_avail.  |f 1  |g 0  |h N  |i 0  |k 1 
TYP |a Monograph 
TYP |a Printed language 
980 |a Mạng thư viện Đại học Đà Nẵng